00551 2200217 4500001002100000005001500021035002000036245005000056100001400106250001100120300003500131700001100166260004700177082001200224084001800236020002200254650001300276650002200289990001100311990001100322INLIS00000000000189520250916102650 a0010-09250000101 aGoogle Ads untuk Pemasar Digital /cSu Rahman0 aSu Rahman acet. 1 axii, 314 hlm :bilust ;c21 cm0 aRafika aJakarta :bPT Elex Media Komputindo,c2024 a004.678 a004.678 SU g a978-623-006-161-5 4aInternet 4aPemasaran Digital a003940 a003939